| 000 | 00335cam a2200133ua 4500 | ||
|---|---|---|---|
| 082 |
_a621.01 _bROY/EL |
||
| 100 | _aRoy , K P . | ||
| 245 | _aElements of mechanical engineering | ||
| 260 |
_aMumbai : _bAsia Publishing House , _c1956. |
||
| 300 | _a353 ; . | ||
| 700 | 1 | _aBattacharya, . | |
| 700 | 1 | _aHyra, Choudhary . | |
| 942 | _cBK | ||
| 999 |
_c1563 _d1563 |
||